00409 2200157 4500001002100000005001500021035002000036245005200056100002900108300003000137260003200167082000800199084001400207020001800221990001200239INLIS00000000000306620250922083524 a0010-09250004131 aAyat - Ayat Cinta 1 /cHabiburrahman El Shirazy0 aHabiburrahman El Shirazy a419 hlm ;c13,5 x 20,5 cm aJakarta :bRepublika,c2008 a813 a813 HAB a a979-3604-02-6 a0755706